Pravidlá riešenia sporov týkajúcich sa zdanenia
Cieľom zákona je potreba zlepšenia existujúcich pravidiel riešenia sporov, týkajúcich sa zdanenia a vytvorenie spravodlivého a efektívneho daňového systému, ktorý zvyšuje právnu istotu. Zákon sa zameriava na daňové subjekty, najmä na podniky a spoločnosti, ako hlavné zainteresované strany, ktorých s...
Enregistré dans:
| Auteur principal: | |
|---|---|
| Format: | Chapitre de livre |
| Langue: | slovaque |
| Sujets: | |
| Tags: |
Pas de tags, Soyez le premier à ajouter un tag!
|
MARC
| LEADER | 00000naa a2200000 4500 | ||
|---|---|---|---|
| 001 | 0297235 | ||
| 005 | 20240417075254.8 | ||
| 041 | 0 | |a slo | |
| 044 | |a SK | ||
| 245 | 1 | 0 | |a Pravidlá riešenia sporov týkajúcich sa zdanenia |c Daniela Ivanáková |
| 520 | |a Cieľom zákona je potreba zlepšenia existujúcich pravidiel riešenia sporov, týkajúcich sa zdanenia a vytvorenie spravodlivého a efektívneho daňového systému, ktorý zvyšuje právnu istotu. Zákon sa zameriava na daňové subjekty, najmä na podniky a spoločnosti, ako hlavné zainteresované strany, ktorých sa situácie zdanenia dotýkajú. Medzi problémy, ktoré tento zákon rieši, a ktorým daňové subjekty, pôsobiace cezhranične nielen v súčasnosti, ale i v minulosti čelili, je dvojité zdanenie. Na základe efektívnejšieho riešenia sporov dochádza k účinnému zamedzeniu dvojitého zdanenia, zvýšila sa tiež úroveň dodržiavania medzinárodných záväzkov zo strany členských, resp. zmluvných štátov a znížili sa ich administratívne náklady. Zároveň sa posilnila celková dôvera verejnosti, občanov a daňových subjektov v spravodlivosť a spoľahlivosť daňových systémov. | ||
| 610 | 2 | 0 | |a právo |
| 610 | 2 | 0 | |a legislatíva |
| 610 | 2 | 0 | |a zákony |
| 610 | 2 | 0 | |a dane |
| 610 | 2 | 0 | |a zdanenie dvojité |
| 610 | 2 | 0 | |a podnik |
| 610 | 2 | 0 | |a spoločnosti |
| 100 | 1 | |a Ivanáková, Daniela | |